| 000 | 00640nam a2200253Ia 4500 | ||
|---|---|---|---|
| 003 | OSt | ||
| 005 | 20221007105511.0 | ||
| 006 | a|||||r|||| 00| 0 | ||
| 007 | ta | ||
| 008 | 221006b |||||||| |||| 00| 0 eng d | ||
| 024 | _a18,744 | ||
| 037 | _cTextual | ||
| 040 |
_aLCO _cLCO _beng |
||
| 041 |
_2eng _aeng |
||
| 082 | _aZ2,211,45, L3 | ||
| 100 | _aGhosh A. | ||
| 245 | 0 | _aLand Acquisition Act,1894 | |
| 250 | _a6th | ||
| 260 |
_aCalcutta _bEastern Law House India _c1973 |
||
| 300 | _a1262 | ||
| 650 |
_aLAND ACQUISITION _9706696 |
||
| 942 |
_hZ2,211,45, L3 _cTEXL |
||
| 999 |
_c1188307 _d1188307 |
||